Development of mental representation: theories and applications
Saved in:
| Main Author: | |
|---|---|
| Format: | Book |
| Language: | English |
| Published: |
Mahwah
Lawrence Erlbaum Associates
1999
|
| Subjects: | |
| Tags: |
Add Tag
No Tags, Be the first to tag this record!
|
MARC
| LEADER | 00000nam a2200000 a 4500 | ||
|---|---|---|---|
| 001 | UCJ2909 | ||
| 003 | CL-VaPUC | ||
| 008 | 070119e19990000us |||||||||||||||||eng|d | ||
| 020 | |a 0805822283 | ||
| 082 | 0 | 4 | |a 153.2 |b SIG |2 21 |
| 100 | 0 | |a Sigel, Irving E |e author |9 503968 | |
| 245 | 1 | 0 | |a Development of mental representation: theories and applications |
| 300 | |a 489 p | ||
| 942 | |c BK | ||
| 945 | |d 20070119 00:00:00 |a jtorresc | ||
| 260 | |a Mahwah |b Lawrence Erlbaum Associates |c 1999 | ||
| 500 | |a Donación de la Dra. Marianne Peronard Thierry | ||
| 650 | 0 | |a Representación mental |9 503969 | |
| 650 | 7 | |a PROCESOS MENTALES |2 CL-VaPUC |9 370472 | |
| 650 | 7 | |a CONEXIONISMO |2 CL-VaPUC |9 503970 | |
| 650 | 0 | |a Teoría del conocimiento |9 255038 | |
| 583 | |a last modification |c 20171120 05:21:26 |k Rodrigo Vera | ||
| 999 | |c 319038 |d 319036 | ||
| 952 | |0 0 |1 0 |4 0 |6 153_200000000000000_SIG_1999 |7 0 |8 A |9 397272 |a FDOPOS |b FDOPOS |d 2019-11-22 |i 4317920 |l 2 |o 153.2 SIG 1999 |p 4317920 |r 2025-01-22 |s 2022-04-12 |w 2019-11-22 |y BK |k MLA | ||